| 000 | 00618nam a2200241Ia 4500 | ||
|---|---|---|---|
| 008 | 160803s9999 xx 000 0 und d | ||
| 020 | _a0 590023772 | ||
| 100 | _aBuff, Mary | ||
| 245 | 4 | _aThe apple and the arrow : | |
| 245 | _bthe legend of William Tell / | ||
| 245 | _cwritten and illustrated by Mary and Conrad Buff. | ||
| 260 | _aNew York : | ||
| 260 | _bScholastic Inc. | ||
| 260 | _c1951 | ||
| 300 | _a80 pages : | ||
| 300 | _billustrations ; | ||
| 300 | _c21 cm | ||
| 650 | _aFolklore -- | ||
| 650 | _aTell, William -- | ||
| 650 | _xFiction. | ||
| 650 | _xSwitzerland. | ||
| 700 | _a750 | ||
| 999 |
_c298804 _d298804 |
||